[Event "Dubai op 6th"]
[Site "Dubai"]
[Date "2004.04.22"]
[Round "4"]
[White "Carlsen, Magnus"]
[Black "Vladimirov, Yevgeniy"]
[Result "1-0"]
[WhiteElo "2552"]
[BlackElo "2621"]
[Annotator "Gofshtein,L"]
[PlyCount "69"]
[EventDate "2004.04.19"]
[EventType "swiss"]
[EventRounds "9"]
[EventCountry "UAE"]
[SourceTitle "CBM 101"]
[Source "ChessBase"]
[SourceDate "2004.07.27"]
[SourceVersion "1"]
[SourceVersionDate "2004.07.27"]
[SourceQuality "1"]

1. e4 c5 2. Nf3 Nc6 3. d4 cxd4 4. Nxd4 Nf6 5. Nc3 d6 6. Bg5 e6 7. Qd2 a6 8.
O-O-O Bd7 9. f3 Rc8 {Black has tried several moves in this position, for
example: a) 9...b5 or b) 9...Nd4. The main idea of 9...Rc8 is counterplay on
the queenside as soon as possible.} (9... Qa5) (9... Be7) (9... Nxd4) (9... b5
10. Nxc6 Bxc6 11. Ne2 Be7 12. Nd4 Rc8 13. h4 O-O 14. Kb1 d5 15. e5 Nd7 16. Qe3
Re8 17. g4 Qb6 $132 {0-1 McShane,L-Boidman,Y/Rethymnon 2003/CBM 98 (53)}) (9...
Nxd4 10. Qxd4 Be7 11. g4 Bc6 12. Be3 O-O 13. g5 Nd7 14. h4 b5 15. Kb1 b4 16.
Ne2 d5 17. exd5 Bxd5 $132 {1/2-1/2 Tal,M-Balashov,Y/Tallinn 1973/MCL (28)}) 10.
Be3 {10.g4 was also played, which usually leads to the same positions with a
different move order} (10. g4 Be7 11. Be3 Ne5 12. g5 Nh5 13. Rg1 Qc7 14. f4 Nc4
15. Bxc4 Qxc4 $132 {1-0 Spivak,I-Aseev,K/Rostov 1993/TD (35)}) 10... Ne5 {
Black decides not to exchange and keeping tension in the center. 10...Nd4 was
also met with a further Bd7-c6 as was in the game given below.} (10... Nxd4 11.
Bxd4 b5 12. g4 Bc6 13. g5 Nd7 14. h4 b4 15. Nb1 Qa5 $132 {Socko,B-Blehm,P/
Warsaw 2001/CBM 82/1/2-1/2 (121)}) 11. g4 h6 {Black is stopping the advance of
the white pawns and prepares d6-d5.} 12. h4 (12. Kb1 b5 13. Qe1 b4 14. Nce2 Nc4
15. Bc1 Qc7 $132 {1/2-1/2 Romero Leon,A-Campos,J/Mondariz 1996/EXT 98 (28)})
12... b5 (12... g6 13. Be2 b5 14. g5 Nh5 15. f4 b4 16. Nb1 Nc4 17. Bxc4 Rxc4
$132 {1-0 Rasmussen,C-Ziska,B/Aarhus 1991/EXT 98 (40)}) 13. Bd3 b4 14. Nce2 d5
15. exd5 Nxd5 16. Nf4 Qa5 $5 $146 {Only this move is a novelty.} (16... Nxd3+
$5 17. Qxd3 Nxe3 18. Qxe3 Bc5 19. Nh5 O-O 20. g5 (20. Qe5 f6 21. Qe4 $13) 20...
Qc7 $132 {0-1 Gazik,I-Popovic,P/Stary Smokovec 1991/CBM 26/[Boensch,U] (29)})
17. Kb1 Nxf3 (17... Nxd3 18. Qxd3 Nxe3 19. Qxe3) 18. Qf2 $8 {[%mdl 512]} (18.
Nxf3 Nc3+ 19. bxc3 bxc3 20. Qc1 Ba3 $19) 18... Nxe3 19. Qxe3 (19. Qxf3 Nxd1 20.
Rxd1 Bd6 $19) 19... Nxd4 $5 (19... Bc5 20. Qxf3 Bxd4 21. Ng6 $1 $44) 20. Qxd4
Qc5 21. Qe4 {In spite of black's material advantage, white has a serious
compensation. He has a development advantage and black's king is weak as well.}
Qc6 {Black tries to remove the white queen from a central position. The
tempting 21...Bc6 was bad as the next variations show.} (21... Bc6 22. Qe1 Bxh1
23. Nxe6 Qe7 24. Bf5 $3 $16 Bb7 25. Rd8+ $3 Rxd8 26. Nc7#) 22. Qe2 a5 (22...
Bd6 23. Nh5 O-O 24. g5 $40) 23. Nh5 $44 {White activizes his pieces and brings
them closer to the black king.} a4 24. Rhf1 $1 {[%cal Rf1f7]} Rc7 {[%cal Rc7f7]
preparing the defence of f7} (24... Qc5 25. Qf3 Qe7 26. Qb7 $36) 25. Qf2 {
[%cal Rf2f7]} Bc8 26. Qd4 $1 {[%cal Rh5g7,Rd4g7,Rd4d8] Further activizing the
queen and creating concrete threats ro the black king.} Rd7 {Black is already
not able to cope with the white's threats} (26... Rg8 27. Bb5 $18) 27. Nxg7+
$18 Bxg7 28. Qxg7 Rf8 29. Qxh6 {[%cal Rg4g6] White's material advantage and an
open position of the black king make black's position undefencible.} b3 (29...
a3 30. Qg5 $36 {[%cal Rd3b5]}) 30. axb3 axb3 31. cxb3 Ba6 {The exchange of the
bishops doesn't change anything.} 32. Bxa6 Qxa6 33. Qf4 $1 Ra7 (33... Qb5 34.
Qc4 $18) 34. Qb8+ Ke7 35. Qb4+ 1-0

[Event "Sigeman & Co 12th"]
[Site "Malmo/Copenhagen"]
[Date "2004.04.30"]
[Round "1"]
[White "Hector, Jonny"]
[Black "Carlsen, Magnus"]
[Result "1/2-1/2"]
[WhiteElo "2512"]
[BlackElo "2552"]
[Annotator "Rogozenco,D"]
[PlyCount "76"]
[EventDate "2004.04.30"]
[EventType "tourn"]
[EventRounds "9"]
[EventCountry "SWE"]
[EventCategory "13"]
[SourceTitle "CBM 101"]
[Source "ChessBase"]
[SourceDate "2004.07.27"]
[SourceVersion "1"]
[SourceVersionDate "2004.07.27"]
[SourceQuality "1"]

1. e4 c5 2. Nf3 Nc6 3. d4 cxd4 4. Nxd4 Nf6 5. Nc3 e5 6. Ndb5 d6 7. Bg5 a6 8.
Na3 b5 9. Bxf6 gxf6 10. Nd5 Bg7 11. c3 f5 12. exf5 Bxf5 13. Nc2 O-O 14. Nce3
Be6 15. Bd3 f5 16. O-O Ra7 {Besides the obvious idea to transfer the rook to
the kingside and support active actions there, 16...Ra7 also prepares ...Ne7.}
(16... Ne7 $2 17. Nxe7+ Qxe7 18. Nxf5 Bxf5 19. Bxf5 Rxf5 20. Qd5+ $18 {[%csl
Ra8]}) 17. a4 (17. f4 Ne7 $1 {offers Black excellent prospects.}) (17. Qh5 Raf7
$13) 17... Ne7 18. Nxe7+ ({The piece sacrifice} 18. axb5 Nxd5 19. Bc4 Nf4 20.
Bxe6+ Nxe6 21. Qd5 {leads to unclear play, where Black's chances shouldn't be
worse:} Qf6 22. Rxa6 Rd7 23. Rxd6 (23. Qc4 Qf7 {looks good for Black.}) 23...
Rxd6 24. Qxd6 Rd8 25. Qc6 $13) 18... Rxe7 19. axb5 axb5 20. Bxb5 (20. Bc2 Kh8
$5 (20... d5 21. Bb3 f4 22. Nxd5 Rd7 23. Nb4 Rxd1 24. Bxe6+ Kh8 25. Raxd1 Qe7
26. Bd5 e4 27. Rfe1 e3 28. Bf3 Qc5 $11 {1/2-1/2 Golubev,M-Rogozenko,D/Germany
2003 (33)}) 21. Ra6 (21. Bb3 $5) 21... e4 22. Nd5 Ree8 23. Nf4 Bc4 24. Re1 Be5
$15 {1/2-1/2 Shirov,A-Kramnik,V/Linares 2004 (32)}) 20... d5 21. Ra6 Kh8 $1 (
21... f4 22. Rxe6 Rxe6 23. Qxd5 $14) 22. Qa4 (22. Nc2 Qb8 23. Qe2 f4 24. f3 Bc8
25. Ra2 e4 26. Nb4 Bb7 $44 {Cerqueira Filho,R-Dias,S correspondence game 2000.}
) (22. Qh5 f4 23. Ng4 Qb8 24. Be2 Qxb2 $17 {Hodova,L-Priborsky,J/Plzen 2003.})
(22. f4 d4 23. cxd4 exf4 24. Rxf4 Bc8 25. Ra3 Bh6 26. Rf3 f4 27. Nc2 Bg4 $13 {
0-1 Hector,J-Rogozenko,D/Gothenburg 2004 (56)}) (22. Nc2 Qb8 23. Qe2 f4 24. f3
Bc8 25. Ra2 e4 26. Nb4 Bb7 $44 {Cerqueira Filho,R-Dias,S correspondence game
2000.}) (22. Qh5 f4 23. Ng4 Qb8 24. Be2 Qxb2 $17 {Hodova,L-Priborsky,J/Plzen
2003.}) (22. Qa4 f4 23. Nc2 Bc8 24. Ra8 Re6 25. Ra1 Rh6 26. Qb4 Qh4 27. h3 Rg6
28. Bd7 Bxd7 29. Rxf8+ Bxf8 30. Qxf8+ Rg8 31. Qd6 Rxg2+ {0,5-0,5
Teichmann-Marotta, 15 e-mail OL 2003}) 22... f4 23. Nc2 Rg8 $146 ({A more
convincing plan was demonstrated in the following little known game:} 23... Bc8
24. Ra8 Re6 $1 {Black is going to attack first h2, not g2.} 25. Ra1 Rh6 26. Qb4
Qh4 27. h3 Rg6 28. Bd7 Bxd7 29. Rxf8+ Bxf8 30. Qxf8+ Rg8 31. Qd6 Rxg2+ {
0,5-0,5 Teichmann-Marotta, 15 e-mail OL 2003}) 24. Ra1 Bc8 25. Ra8 Bf8 (25...
f3 26. g3) 26. Bf1 Reg7 27. Qc6 $1 Rc7 28. Qb5 Bc5 $5 29. b4 Bxf2+ {Unexpected
decision, which suddenly requires from White a very precise defence.} 30. Kxf2
Rxc3 31. Ne1 (31. Qe2 $1 {[%csl Re5]} e4 32. Kg1 {[%csl Rh8][%cal Ge2d2,Gd2d4]
and White defends against direct threats. Black keeps the initiative though,
thanks to his strong central pawns.}) 31... f3 $1 {A very nice sacrifice,
winning time for bringing more pieces into attack.} 32. Nxf3 (32. gxf3 $2 Qh4+
33. Ke2 Qd4 $19) ({The cool} 32. Kg1 $5 {was a better alternative} Qf6 (32...
fxg2 33. Bxg2 e4 $44 34. Rd1 $5) 33. Kh1 $13) 32... e4 33. Ne1 (33. Qe2 $2 Qb6+
(33... exf3 $4 34. Qe5+ $18) 34. Ke1 Re3) 33... Qf6+ 34. Kg1 Rf8 35. R8a2 Ra3
$1 36. Qe2 (36. Rxa3 $4 Qf2+ 37. Kh1 Qxf1+ 38. Qxf1 Rxf1#) 36... Qb6+ 37. Kh1
Qf6 38. Kg1 Qd4+ ({Without any risk, Black could play on with} 38... Qd4+ 39.
Kh1 Bg4 $1) 1/2-1/2

[Event "Sigeman & Co 12th"]
[Site "Malmo/Copenhagen"]
[Date "2004.05.01"]
[Round "2"]
[White "Carlsen, Magnus"]
[Black "Hansen, Curt"]
[Result "0-1"]
[WhiteElo "2552"]
[BlackElo "2635"]
[Annotator "Psakhis,L"]
[PlyCount "82"]
[EventDate "2004.04.30"]
[EventType "tourn"]
[EventRounds "9"]
[EventCountry "SWE"]
[EventCategory "13"]
[SourceTitle "CBM 101"]
[Source "ChessBase"]
[SourceDate "2004.07.27"]
[SourceVersion "1"]
[SourceVersionDate "2004.07.27"]
[SourceQuality "1"]

1. e4 e6 2. d4 d5 3. e5 c5 4. c3 Nc6 5. Nf3 Bd7 6. Be2 Nge7 7. Na3 (7. O-O Ng6
8. g3 {[%cal Gh2h4]}) 7... cxd4 8. cxd4 Nf5 9. Nc2 Qa5+ {At this moment Black
had a great choice of reasonable alternatives, for example:} (9... Nb4 10. O-O
(10. Ne3 Nxe3 11. fxe3 Be7 12. O-O O-O 13. Bd2 Nc6 14. Bd3 f6 15. exf6 Bxf6 16.
Bc3 Qb6 17. Rf2 Ne7 18. Qe2 Be8 19. Ne5 $36 {1-0 Dvoirys,S-Wempe,J/Dieren op
2002 (30)}) 10... Nxc2 11. Qxc2 Qb6 12. Qd3 a6 13. a4 Bb4 14. h4 a5 15. g3 h6
16. Kg2 O-O-O 17. Bd2 Kb8 18. Rfc1 Rc8 19. b3 Rhd8 20. Bf4 Ne7 21. Rxc8+ Rxc8
22. Rc1 $14 {1-0 Potkin,V-Berkes,F/Wch B20 Goa 2002/ (50)}) (9... Qb6 10. O-O
Rc8 (10... a5 11. Kh1 Nb4 12. Ne3 Be7 13. Nxf5 exf5 14. Bd2 O-O 15. a3 Nc6 16.
Bc3 Rfb8 $5 17. Qd2 Qd8 18. b3 Rc8 19. Bd3 g6 20. Rfe1 Be6 21. Reb1 Qf8 22. Bb2
Qd8 23. Bc1 $14 {0-1 Cherniaev,A-Dzhakaev,D/EUR-ch Istanbul 2003/CBM 96 (34)})
11. Kh1 Na5 12. g4 Ne7 13. Nfe1 h5 14. gxh5 Nf5 15. Bg4 Nh6 16. Bh3 Nc6 17. b3
Kd8 18. Ng2 Kc7 19. Nf4 Rd8 20. Rg1 Kb8 21. Bb2 Ne7 22. Ne3 $14 {[%csl Gf4,Gh3]
1-0 Charbonneau,P-Barsov,A/Montreal 2003/CBM 97 (38)}) 10. Bd2 Qb6 11. Bc3 a5
12. O-O Be7 13. a4 (13. a3 $5 O-O 14. Bd3 Kh8 15. Re1 Na7 16. a4 Nc6 17. Bb5
Be8 18. Qd2 f6 19. exf6 Rxf6 20. Ne3 Nxe3 21. Rxe3 Bd6 $13 {1/2-1/2 Timman,
J-Sokolov,I/Amsterdam (m/3) 1996/[Sokolov,I] (34)}) (13. Ne3 $5 Nxe3 14. fxe3
O-O 15. Bd3 Nb4 16. Bb1 a4 17. a3 Nc6 18. Qe1 Na5 19. Bb4 $1 Qd8 (19... Bxb4 $2
20. Bxh7+ $1 $18) 20. Bd3 Nc6 21. Bxe7 Qxe7 22. Qg3 $14 {1-0 Galdunts,
S-Bricard,E/Bischwiller-A 1999/EXT 2001 (27)}) (13. Qd2 O-O 14. Ne3 Nxe3 15.
Qxe3 Nb4 16. Rfc1 Bb5 17. Bd1 Bc4 18. b3 Bb5 19. a3 Nc6 20. h4 Rfc8 21. g3 Rc7
22. Kg2 Rac8 23. Qd2 Qa6 $15 {[%cal Gb5d3] 0-1 Zlotnik,B-Romero Holmes,A/Villa
de Albox 2003/ (66)}) 13... O-O 14. Bb5 $146 (14. Na3 f6 (14... Rac8 $5) 15.
exf6 Rxf6 (15... Bxf6) 16. Nb5 Raf8 17. Qd2 Nd6 18. Rac1 Ne4 19. Qe3 Be8 $11 {
1-0 Rozentalis,E-King,D/Mondorf 1991 (37)}) 14... f6 {Black is ideally
developed, now it is time for action!} 15. g4 (15. exf6 Bxf6 $11) 15... Nh6 16.
exf6 Rxf6 {[%cal Gf6f1]} (16... gxf6 $5 {[%cal Gh6f7]}) 17. Ne5 ({Black doing
well after} 17. g5 Rxf3 18. Qxf3 Bxg5 $44) 17... Nxe5 18. dxe5 Rg6 $1 {
Seemingly, this move escaped Carlsen's attention. Now we see, that black has
succeeded to solve his opening problems and it's White, who must think about
defence now.} ({Weaker} 18... Bxb5 19. exf6 Bxf1 20. fxe7 Ba6 21. Qd2 {[%csl
Gc3,Ge7]}) 19. Bd4 $2 ({I think White should have taken his chances with} 19.
Bxd7 $5 {for example:} Nxg4 20. Bd4 (20. Kh1 Nxf2+ 21. Rxf2 Qxf2 22. Qf1 Qxc2
$19) 20... Qb3 21. Bxe6+ $1 Rxe6 22. Ne3 Qxd1 23. Raxd1 Nxe5 24. Nxd5 Nf3+ 25.
Kg2 Nxd4 26. Nxe7+ Rxe7 27. Rxd4 Rae8 $11) 19... Bc5 $1 20. Bxd7 (20. Bxc5 Qxc5
21. Bxd7 Nxg4 22. Bxe6+ Rxe6 23. Nd4 (23. Qxg4 Rg6 24. Qxg6 hxg6 25. Rac1 Rc8
$17) 23... Rxe5 24. Qxg4 Re4 $17) 20... Bxd4 21. Nxd4 Rxg4+ 22. Qxg4 (22. Kh1
Rxd4 23. Qc2 (23. Bxe6+ Kh8 $19) 23... Rf8 $19) 22... Nxg4 23. Bxe6+ Kh8 24.
Rad1 Nxe5 $19 {Black's positional and material advantage is decisive.} 25. Bxd5
(25. Rfe1 Nc6) 25... Rf8 ({Maybe} 25... Qg6+ $5 26. Bg2 (26. Kh1 Rd8) 26... Nd3
$19 {[%cal Rd3f4] was better choice.}) 26. Ne6 (26. Rfe1 Ng6 {[%cal Gg6f4]})
26... Rf6 27. Rc1 Nc6 $1 28. b3 (28. Rc2 $5) 28... Ne7 29. Nc7 $8 h6 (29... h5
$5) 30. Be4 Rf8 (30... Rf4 $5) 31. Nb5 (31. Rc3) 31... Qe6 $1 32. Rc4 Ng6 33.
Nc7 $2 {Final mistake.} (33. Bxb7 $142 $5 Nf4 {[%csl Gf4]}) 33... Qg4+ 34. Kh1
(34. Bg2 Nf4 $19) 34... Qe2 {Further casualties are unavoidable because of
unstable position of White's king.} (34... Ne5 $1 35. Rg1 Qe2 36. Rd4 Rc8 $19)
35. Bg2 Rxf2 36. Rg1 (36. Rxf2 Qxf2 37. h3 Nf4) 36... Rxg2 $1 37. Rxg2 Qf1+ 38.
Rg1 Qf3+ 39. Rg2 Nf4 40. Rxf4 Qxf4 41. Rxg7 (41. Nb5 Qf1+ 42. Rg1 Qf3+ 43. Rg2
Qxb3) 41... Qc1+ $1 0-1

[Event "Sigeman & Co 12th"]
[Site "Malmo/Copenhagen"]
[Date "2004.05.06"]
[Round "6"]
[White "Carlsen, Magnus"]
[Black "Nielsen, Peter Heine"]
[Result "1-0"]
[WhiteElo "2552"]
[BlackElo "2628"]
[Annotator "Huebner,R"]
[PlyCount "79"]
[EventDate "2004.04.30"]
[EventType "tourn"]
[EventRounds "9"]
[EventCountry "SWE"]
[EventCategory "13"]
[SourceTitle "CBM 101"]
[Source "ChessBase"]
[SourceDate "2004.07.27"]
[SourceVersion "1"]
[SourceVersionDate "2004.07.27"]
[SourceQuality "1"]

{[%mdl 1]} 1. d4 d5 2. c4 c6 3. Nf3 Nf6 4. Nc3 dxc4 5. a4 Bf5 6. Nh4 Bg4 7. h3
Bh5 8. g4 Bg6 9. Nxg6 hxg6 10. e3 e6 11. Bxc4 Bb4 12. Bd2 (12. Qf3 Qa5 13. Bd2
Nbd7 14. h4 Nb6 15. Bb3 Rd8 16. g5 Nfd5 17. Rc1 c5 18. h5 cxd4 19. exd4 Rxh5
20. Rxh5 gxh5 21. Qxh5 g6 $11 {1-0 Sokolov,I-Hillarp Persson,T/Reykjavik 2000/
CBM 75 ext (46). (45)}) 12... Nbd7 13. g5 Nd5 14. e4 N5b6 15. Bb3 a5 16. Qe2 c5
(16... e5 17. dxe5 Nxe5 18. O-O-O {geschah in der Partie Carlsen-Andriasjan,
U14-EM 2003, siehe "Schach" 6/2004, S.42.}) 17. d5 c4 {Schwarz rechnet damit,
daß nach der Öffnung der Stellung, die dieses Bauernopfer bewirkt, der König
des Weißen keinen sicheren Platz finden kann.} (17... e5 18. h4 {überläßt dem
Weißen in der Tat ohne weiteres großen positionellen Vorteil.}) (17... exd5 {
ist jedoch möglicherweise spielbar:} 18. Bxd5 (18. exd5+ Kf8 19. O-O-O Bxc3 20.
bxc3 c4 21. Bxc4 (21. Bc2 Nc5 {ist nicht besser.}) 21... Nxa4 {mit unklarer
Lage.}) (18. Nxd5 Bxd2+ 19. Qxd2 c4 20. Bc2 Nxd5 21. Qxd5 Qc7 22. O-O-O Rd8 {
Weiß hat keinen Vorteil.}) 18... Bxc3 19. Bxc3 (19. bxc3 {kommt auch in
Betracht:} Nxd5 20. exd5+ Kf8 {Die Beurteilung dieser Stellung fällt mir
schwer. Schwarz hat Löcher auf der b-Linie, und Weiß hat einen aktiven Läufer;
andererseits ist es schwer für Weiß, seinem König einen sicheren Unterschlupf
zu bauen, und seine Bauernstellung am Königsflügel ist verzogen. Vielleicht
ist die Lage in etwa im Gleichgewicht, zum Beispiel} 21. Kf1 Nb6 22. c4 Nc8)
19... Nxd5 20. exd5+ Kf8 21. Qe3 (21. h4 Qc7 {ist ähnlich.}) 21... Qc7 22.
O-O-O Re8 23. Qf3 Qd6 {Das Spiel des Weißen sieht bequemer aus, aber klar ist
die Lage nicht.}) 18. Bxc4 Nxc4 19. Qxc4 O-O 20. O-O-O (20. dxe6 Ne5 21. Qd5
Qc7 {(P. Nielsen, "Schach" 6/2004, S.43) überläßt dem Schwarzen eine
gefährliche Initiative, zum Beispiel} 22. exf7+ Rxf7 23. O-O-O Rd8 24. Qe6 Nd3+
(24... Nf3 {ist ebenfalls eine sehr wirksame Fortsetzung.}) 25. Kb1 Nxf2 26.
Nd5 Qc6 27. Qxc6 bxc6 28. Bxb4 cxd5 29. Bxa5 Ra8 30. Bb6 Nxh1 31. Rxh1 dxe4 {
mit Vorteil für Schwarz.}) 20... Rc8 21. Qe2 (21. Qb5 {verspricht vielleicht
etwas mehr:} Nc5 (21... Rc5 22. Qxb7 exd5 23. Be3 Rc7 24. Qxd5 Bxc3 25. bxc3
Rxc3+ 26. Kd2 Qc7 27. Rc1 {ergibt Vorteil für Weiß.}) 22. Kb1 exd5 23. Nxd5 ({
Auf} 23. Be3 {folgt} Qe7) (23. exd5 Bxc3 24. Bxc3 Qxg5 {ist befriedigend für
Schwarz.}) 23... Bxd2 24. Rxd2 Qxg5 25. f4 Qh4 26. e5 {Weiß steht besser.})
21... exd5 22. Kb1 $1 (22. exd5 Nb6 23. Kb1 Bxc3 24. Bxc3 Nxa4 {ist
unbefriedigend für Weiß.}) 22... Bxc3 $6 {Nach dieser Fortsetzung behält Weiß
bedeutenden positionellen Vorteil: sein Läufer ist dem gegnerischen Springer
weit überlegen. Es gab zwei bessere Fortsetzungen:} (22... dxe4 23. Nxe4 Qc7
24. Bxb4 axb4 25. Nd6 {(mit leichtem Vorteil für Weiß, Carlsen, siehe "Schach"
6/2004, S.43)} Ra8 {genügt meines Erachtens zum Ausgleich, zum Beispiel} 26.
Qc4 (26. Qb5 Nc5 {ist angenehm für Schwarz.}) ({Nach} 26. Nb5 Qc6 {hängt der
Turm auf h1, so daß Weiß nicht 27.Td6 spilen kann; Schwar kommt zu Sd7-c5 mit
gutem Spiel.}) 26... Qa5 27. b3 Qxg5 {usw.}) (22... Qc7 23. exd5 (23. Rc1 Qe5
24. f4 Qe6 {ist gut für Schwarz.}) 23... Nb6 {(P. Nielsen, "Schach" 6/2004, S.
43) nebst Sb6-c4 führt ebenfalls zu befriedigendem Spiel für Schwarz.}) 23.
Bxc3 Nc5 24. Rxd5 Qe8 {Jetzt kann man den Unterschied zwischen den Zügen 22.
Kb1 und 22.ed5: sehen: statt eines Bauern steht der Turm des Weißen auf d5 und
entfaltet eine wirksame Aktivität.} 25. f3 b6 ({Ich hätte} 25... Qxa4 26. Qd1
Qxd1+ (26... Nb3 {wird mit} 27. Rxa5 {widerlegt.}) 27. Rhxd1 b6 {versucht. Im
Endspiel hat Schwarz meines Erachtens die besten Rettungsaussichten. Mit den
Damen auf dem Brett ist es schwierig, gegen die Folge h3-h4-h5 einen wirksamen
Plan zu entwerfen. Der Läufer des weißen ist übermächtig und vereitelt auch
alle Angriffsversuche des Schwarzen aufs gründlichste.}) 26. Qe3 Nxa4 ({
Auch hier hätte Schwarz noch Damentausch anstreben können:} 26... Qxa4 27. Qd4
Qxd4 28. Bxd4 Rc6 29. Rc1 Rfc8 {mit Rettungsaussichten.}) 27. Bd4 Rc4 $2 {
Damit erreicht Schwarz nichts; sein Turm verstopft nur die c-Linie. Nach} (
27... Qc6 28. Rc1 (28. h4 Qc2+ 29. Ka1 Rc4 {ist nicht im Sinne des Weißen.})
28... Qe6 {wäre der Turm des Weißen von der h-Linie abgelenkt, und Schwarz
behielte Überlebensaussichten.}) 28. h4 Qc6 29. h5 gxh5 30. Rxh5 Rc8 31. Rh1 {
Jetzt ist der Angriff des Weißen unwiderstehlich.} Rc2 (31... Nc5 32. Bxg7 Kxg7
33. g6 Qxg6 ({Nach} 33... fxg6 34. Qh6+ Kf7 35. Qh7+ Kf6 36. Rg1 {wird Weiß
bald mattsetzen.}) 34. Rg5 {ist ebenfalls hoffnungslos für Schwarz.}) 32. g6 f6
{Schwarz hat keine Rettung.} (32... Rxb2+ {wird mit} 33. Ka1 {beantwortet.}) (
32... Qxg6 33. Rg5 {ist ebenfalls hoffnungslos.}) (32... fxg6 33. Rh8+ Kf7 34.
Qf4+ {gewährt dem Schwarzen ebenfalls keine Freude.}) 33. Rdh5 Kf8 34. Qa3+ (
34. e5 fxe5 35. Rh8+ {gewinnt ebenfalls mühelos.}) 34... Ke8 35. Rh8+ Kd7 36.
Rxc8 Kxc8 37. Qe7 Qc7 38. Qe8+ Kb7 39. Qxa4 Rc4 40. Qd1 1-0